Women/non-binary in MC Championship - Statistics

General Stats
  • This quiz has been taken 216 times
    20 since last reset
  • The average score is 37 of 132
Answer Stats
Participant % Correct
aimsey
100%
HannahKate
100%
Hannahxxrose
100%
Shubble
100%
GeminiTay
95%
jojosolos
95%
LDShadowLady
95%
Pearcups
95%
FalseSymmetry
89%
ZombieCleo
84%
guqqie
79%
PearlescentMoon
79%
soupforeloise
79%
Kara Corvus
74%
CaptainPuffy
68%
InfiniteDrift
68%
Katherine Elizabeth
68%
vGumiho
68%
apokuna
63%
Roscumber
63%
Sylvee
63%
Blushi
58%
ElainaExe
58%
ghostiefruit
58%
Michela
58%
bekyamon
53%
CherriFire
53%
LaurenzSide
53%
iHasCupquake
47%
Mitzefy
47%
Nihachu
47%
Valkyrae
47%
Vixella
47%
Graecie
42%
Raerevord
42%
Yammyxox
42%
LexieMariex
37%
millkberry
37%
Mysticat
37%
Ranboo
37%
Snifferish
37%
TinaKitten
37%
xChocoBars
37%
Aphmau
32%
AvidMc
32%
Eret
32%
Eskay
32%
GeeNelly
32%
KatieGoBrr
32%
Pokimane
32%
fanfan
26%
ItsFunneh
26%
Jane Douglas
26%
LilyPichu
26%
Marma1ade
26%
NettyPlays
26%
Rainhoe
26%
Sqaishey
26%
Squiddo
26%
Steph0sims
26%
Strawburry17
26%
AnsiChan
21%
GoldenGlare
21%
PaintingRainbows
21%
Plumbella
21%
PrinceZam
21%
roseriie
21%
RoseThunder
21%
Sarahsera
21%
BBPaws
16%
F1NN5TER
16%
Kratzy
16%
Maezes
16%
Midmysticx
16%
riiceandbeanss
16%
Taneesha
16%
ToxxxicSupport
16%
LaKitty101
11%
LynxyLiam
11%
Marielitai
11%
shadowatnoon
11%
watermunch
11%
WithMayX
11%
AyChristene
5%
BearsCancelled
5%
BobaWitch
5%
buggy9000
5%
caitees
5%
Ellen Rose
5%
garlicmint
5%
Graaavel
5%
iicbunnyx
5%
ItsJustOriah
5%
kkatamina_
5%
Mogswamp
5%
NomadOfTheWorld
5%
olivesleepy
5%
PEARLBYTEZ
5%
Peeporp
5%
Pressea
5%
RIPmika
5%
Roguskii
5%
Rubyco
5%
rusty_courage
5%
Saiiren
5%
spoinkTV
5%
vintage_applesauce
5%
WendyJr
5%
Yeetdaisie
5%
ArtemisAblaze
0%
Bubblebrooke
0%
Calolinda
0%
Caramello
0%
Gegy
0%
Gigithepuppy
0%
KingOfArchers
0%
Kontuz
0%
Kristina
0%
LydRay18
0%
lynrose
0%
Marbar_x
0%
mintsleaves
0%
misfitclover
0%
Mizzrowe
0%
Nicacola
0%
p_izzato
0%
queen_ov_drama
0%
sinaheh
0%
Sinnabuns
0%
Spelda
0%
TomatoBisqueSoup
0%
Wondernat
0%
No matching quizzes found
Score Distribution
Percent of People with Each Score
Percentile by Number Answered
Your Score History
You have not taken this quiz since the last reset